000 00600cam a2200205 4500
001 X104632
008 000000n2000 000 0 eng u
035 _a(Sirsi) u104632
245 _aProperty shares rising
260 _c2000
490 _aTimes
_v 6 March 2000 24 (1)
490 _aProperty Week
_v65(9) 3 March 2000 18 (1)
520 _aProperty shares are rising again after 6 months of falls. Discusses possibility of company takeovers.
590 _aWB
650 _aPROPERTY SHARES
650 _aLETTING
650 _aREAL ESTATE INDEX MARKET
690 _aINVESTMENT
942 _n0
999 _c62777
_d62777